| 000 | 00530nam a22001817a 4500 | ||
|---|---|---|---|
| 999 |
_c6495 _d6495 |
||
| 003 | GBCCL | ||
| 005 | 20241126110604.0 | ||
| 008 | 180516b ||||| |||| 00| 0 eng d | ||
| 040 | _cgbc | ||
| 082 |
_a227.1007 _bTAF |
||
| 110 |
_aTAFTEE _911560 |
||
| 245 | _aStudies in Romans | ||
| 260 |
_aBangalore: _bTAFTEE |
||
| 300 |
_a326 p.; _bill., map, _c29 cm. |
||
| 500 | _aA degree level course of the Association for Theological Education by Extension- India | ||
| 650 |
_aBible _vRomans _xStudy and teaching _911628 |
||
| 942 |
_2ddc _cBK |
||